Kayseri : ville aux mausolées.
Disimpan dalam:
| Format: | Buku |
|---|---|
| Bahasa: | French |
| Diterbitkan: |
[Turkey] :
Direction générale de la presse, de la radiodiffusion et du tourisme,
[1952]
|
| Subjek-subjek: | |
| Penanda-penanda: |
Tambah Penanda
Tiada Penanda, Jadilah orang pertama menanda rekod ini!
|
| LEADER | 00618cam a2200205 a 4500 | ||
|---|---|---|---|
| 001 | 001059219-9 | ||
| 005 | 20050319125251.0 | ||
| 008 | 830324s1952 tu a 00000 fre d | ||
| 035 | 0 | |a ocm11457929 |z ocm27236195 | |
| 035 | 1 | |a MAHA83B963 | |
| 035 | 0 | |a ocm11457929 | |
| 040 | |a MH-FA |c MH-FA | ||
| 043 | |a a-tu--- | ||
| 245 | 0 | 0 | |a Kayseri : |b ville aux mausolées. |
| 260 | 0 | |a [Turkey] : |b Direction générale de la presse, de la radiodiffusion et du tourisme, |c [1952] | |
| 300 | |a 23 p. : |b col. ill. ; |c 17 cm. | ||
| 650 | 0 | |a Architecture |z Turkey |z Kayseri. | |
| 650 | 0 | |a Buildings |z Turkey |z Kayseri. | |
| 988 | |a 20020608 | ||
| 906 | |0 MH | ||


